000 00413 a2200157 4500
005 20260625000447.0
020 _a9788198953803
084 _2CC
_aE9G
100 _aSATYANARAYANA,U & CHAKRAPANI, U
_914576
245 _aBiochemistry
250 _aEd.7
260 _bCBS publishers,
_c2026,
_aDelhi.
300 _a835 p.
500 _aIncludes supplement entitled Mind Maps in Biochemistry
942 _cBK
_2CC
999 _c757307
_d757307